|
|
|
|
| LEADER |
00000nab a2200000 ar4500 |
| 001 |
vtls009526468 |
| 003 |
SK-MaSNL |
| 005 |
20260304013310.0 |
| 008 |
090616c2008 xo |||||||||||000 b|eng |
| 015 |
|
|
|a SNBRB2009/06
|2 snkbucl
|
| 038 |
|
|
|a SNKBUCL
|
| 040 |
|
|
|a SNKBUCL
|b slo
|c SNKBUCL
|e AACR2
|
| 041 |
0 |
|
|a eng
|
| 044 |
|
|
|a xo
|c SK
|
| 080 |
|
|
|a 517.927
|2 2001
|
| 080 |
|
|
|a 519.6
|2 2001
|
| 080 |
|
|
|a 517.972.5
|2 2001
|
| 080 |
|
|
|a 517.968
|2 2001
|
| 100 |
1 |
|
|a Mohyud-Din, Syed Tauseef
|4 aut
|9 1262399
|
| 245 |
1 |
0 |
|a Approximate solutions of twelfth-order boundary value problems
|c Syed Tauseef Mohyud-Din, Muhammad Aslam Noor, Khalida Inayat Noor
|
| 300 |
|
|
|b Grafy, tab.
|
| 504 |
|
|
|a Bibliogr. odkazy
|
| 546 |
|
|
|a Res. angl.
|
| 650 |
0 |
7 |
|a okrajové úlohy
|2 snkbucl
|9 94181
|
| 650 |
0 |
7 |
|a diferenciálne rovnice
|2 snkbucl
|9 63334
|
| 650 |
0 |
7 |
|a integrálne rovnice
|2 snkbucl
|9 50110
|
| 650 |
0 |
7 |
|a variačné metódy
|2 snkbucl
|9 72956
|
| 700 |
1 |
|
|a Noor, Muhammad Aslam
|4 aut
|9 1262401
|
| 700 |
1 |
|
|a Noor, Khalida Inayat
|4 aut
|9 1262400
|
| 773 |
0 |
|
|t Journal of applied mathematics, statistics and informatics
|g Vol. 4, no. 2 (2008), p. 139-152
|x 1336-9180
|
| 852 |
|
|
|a SNK
|b KIS3GCP
|
| 958 |
|
|
|a NB
|
| 999 |
|
|
|c 2575215
|d 2577145
|